000 00622nam a2200241Ia 4500
003 OSt
005 20221007081939.0
006 a|||||r|||| 00| 0
007 ta
008 221006b |||||||| |||| 00| 0 eng d
024 _a19,276
037 _cTextual
040 _aFLL
_cFLL
_beng
041 _2eng
_aeng
082 _aZ:91, J92.3;1
100 _aPound Roscoe
_979221
245 0 _aJurisprudence
260 _aSt. Paul ,
_bMinn. West Publishing Co. St. Minn.
_c1959
300 _a738p
_ccm.
490 _vVol. 3
942 _hZ:91, J92.3;1
_cTEXL
_2CC
999 _c1164821
_d1164821